| 000 | 00348nam a2200145Ia 4500 | ||
|---|---|---|---|
| 008 | 230312s9999||||xx |||||||||||||| ||und|| | ||
| 020 | _a3-8228-6326-2 | ||
| 082 |
_a759.4 _bARN-H |
||
| 100 | _aArnold;Matthias | ||
| 245 | 0 | _aHenri de Toulouse-Lautrec | |
| 260 |
_bBenediki _aGermany _c2000 |
||
| 300 | _a95 | ||
| 650 | _aArchitecture | ||
| 942 | _cBK | ||
| 999 |
_c12054 _d12054 |
||